000 01623nam1a22003371 4500
001 RU\NLR\P19\A1SV\87753
005 20260408030501.0
035 _a(NLR Aleph) 011123030
090 _a11531479
_c11531479
100 _a20080521g1925 u y0rusy50 ca
101 0 _arus
102 _aRU
105 _ay |||||||||
200 1 _aМатериалы по вопросу о колонизации и внутреннем расселении Северо-восточной области
210 _aАрхангельск
_cиздание Обл. и Арх. губ. плановых комиссий
_d1925
215 _d26 см
606 1 _aКолонизация
_yАрхангельская губерния
_z1920-ые гг.
_92122691
_3RU\NLR\AUTH\661585314
607 _aАрхангельская губерния
_xНародное хозяйство
_zкон. 19 в. - нач. 20 в.
_92122686
_3RU\NLR\AUTH\661585311
617 _aСССР
_mЕвропейская часть
_mСевер
_cАрхангельская губерния
620 _dАрхангельск
686 _aУ03(2Р-4Арх)53
686 _aУ03(2Р-4Арх)71
686 _aТ3(2Р-4Арх)71-27
712 0 2 _4650
_aАрхангельская губернская плановая комиссия
_3RU\NLR\AUTH\8810188218
_9869116
712 0 2 _4650
_aСеверо-Восточная областная плановая комиссия
_3RU\NLR\AUTH\8810182702
_9862082
801 0 _aRU
_bNLR
_c20080521
801 2 _aRU
_bNLR
_c20121102
_2rusmarc
852 _aNLR
_j17.165.4.26
852 _aNLR
_j17.165.4.26а
942 _cBOOK
980 _aNB